000 00795nam a2200253Ia 4500
003 OSt
005 20220927110407.0
006 a|||||r|||| 00| 0
007 ta
008 220926b |||||||| |||| 00| 0 eng d
024 _a55338
037 _cReports
040 _aRTL
_cRTL
_beng
041 _2eng
_aeng
082 _a"X:9.212s, M4/GD"
110 _a"Kerala, Government of ..... Economics and Statistics (Department of ....)"
_9377530
245 0 _aFact book on manpower Kerala
260 _aTrivandrum
_bGovernment Press India
_c1984
300 _a85p.
_ccm.
650 _aLabour Economics-India
700 _a"Kerala, Government of ..... Economics and Statistics (Department of ....)"
_9377531
942 _h"X:9.212s, M4/GD"
_cCC
999 _c696296
_d696296